Responses for Show #9117 - Tuesday, June 4, 2024

Adriana Harmeyer game 5.

Contestants

[<< previous game]

Travis Kissire, a deputy public works director from Boise, Idaho

Christina Paul, a Foreign Service officer from Davie, Florida

Adriana Harmeyer, an archivist from West Lafayette, Indiana (whose 4-day cash winnings total $91,800)

[next game >>]

Jeopardy! Round responses

TREE-VIA
COMMON BONDS
OTHER GOOD BOOKS
21st CENTURY SPORTS
EUROFOOD
WHAT "IZ" IT?
    $200 16
the Everglades

Adriana
    $200 17
tape

Adriana
    $200 6
Alcott

Adriana
    $200 13
the U.S. Open

Christina
    $200 22
snails

Travis
    $200 1
drizzle

Adriana
    $400 23
eucalyptus

Christina
    $400 18
shots

Triple Stumper
    $400 7
Hard to Find

Adriana
    $400 27
(Christina: Who are the Chicago Cubs?)

the Phillies

Christina
Triple Stumper
    $400 14
tapas

Christina
    $400 2
wizard

Adriana
    $600 24
pistachio

Adriana
    $600 19
(Adriana: What are Lils?)
(Ken: Can you be more specific?)

Lil rappers

Adriana
    $600 8
Jeeves

Adriana
    $600 28
Roethlisberger

Adriana
    $600 12
a hot bath

Adriana
    $600 3
frizz

Travis
    $800 25
(Ken: Very big in Canada because it's named for Quebec, a [*], [*].)

(sugar) maple

Triple Stumper
    $800 20
(Travis: What are things you can cook?)
...
(Ken: Two for three, you can't cook a smile.)

things you can crack

Travis
Triple Stumper
    $800 9
Good Omens

Adriana
    $800 29
the transfer portal

Triple Stumper
    $1,000 11
(Christina: What is collard greens?)

cabbage

Christina
    $800 4
chorizo

Adriana
    $1000 26
a quaking aspen

Travis
    $1000 21
things that crash

Adriana
    $1000 10
The Good Earth

Christina
    $1000 30
(Adriana: Who is Durant?)
...
(Ken: Who is his teammate, [*]?)

Russell Westbrook

Adriana
Triple Stumper
    $1000 15
kippers

Travis
    $1000 5
Civilization

Travis

Scores at the first commercial break (after clue 15):

Adriana Christina Travis
$4,000 $600 $2,600

Scores at the end of the Jeopardy! Round:

Adriana Christina Travis
$6,200 $600 $3,000

Double Jeopardy! Round responses

JUNE 4 EVER MORE
IDIOMS & EXPRESSIONS
MODERN POTPOURRI
FEELING A LITTLE ART "C"
ANY PORT
IN A STORM
    $400 30
(Ken: Who is [*]? An early automobile.)

Henry Ford

Triple Stumper
    $400 4
a ringside seat

Adriana
    $400 12
Wordle

Travis
    $400 21
(Christina: What is gesso?)

charcoal

AdrianaChristina
    $400 18
[ERRATUM: The clue misnamed the port city of Lake Charles as "Port Charles".]

Louisiana

Adriana
    $400 22
Noah

Adriana
    $800 29
wages

Adriana
    $800 5
a war chest

Travis
    $800 13
Keurig

Adriana
    $1,000 15
Cézanne

Christina
    $800 16
Hong Kong

Triple Stumper
    $800 23
Sharknado

Adriana
    $1200 6
Dunkirk

Adriana
    $1200 7
bend the knee (kiss the ring)

Travis
    $1200 14
ransomware

Christina
    $1200 2
Mary Cassatt

Triple Stumper
    $1200 1
Athens

Travis
    $1200 24
The Day After Tomorrow

Adriana
    $1600 27
Magenta

Triple Stumper
    $3,800 8
(Travis: What is... on little cat feet?)

a fly on the wall

Travis
    $1600 19
(Ken: You guessed the right one.)

Impossible

Adriana
    $1600 3
(Ken: Yes, and you beat Christina to that Wyeth painting.)

Christina's World

Adriana
    $1600 11
Rotterdam

Adriana
    $1600 25
Key Largo

Triple Stumper
    $2000 28
(Adriana: What is Fiji?)

Tonga

Adriana
Triple Stumper
    $2000 9
Full Tilt Boogie

Triple Stumper
    $2000 20
a decentralized system

Triple Stumper
    $2000 10
Camille Claudel

Travis
    $2000 17
Bahía Blanca

Triple Stumper
    $2000 26
The Hateful Eight

Adriana

Scores at the end of the Double Jeopardy! Round:

Adriana Christina Travis
$17,400 $2,400 $4,800
(lock game)

[wagering suggestions for these scores]

Final Jeopardy! Round responses

FICTIONAL CHARACTERS
(Ken: [To Travis] [*] giving the Banks family her open-ended employment contract.)
...
(Ken: [To Adriana] Look at that, practically perfect in every way.)
ChristinaWho is The Wiza Winnie the Pooh
$2,400
TravisWho is Mary Poppins?
$4,799
AdrianaWho is Mary Poppins? Poppins
$7,000
Mary Poppins

Final scores:

Adriana Christina Travis
$24,400 $0 $9,599
5-day champion: $116,200 3rd place: $2,000 2nd place: $3,000

Game dynamics:

Coryat scores:

Adriana Christina Travis
$17,400 $3,200 $8,600
27 R,
2 W
6 R
(including 1 DD),
3 W
(including 1 DD)
10 R,
2 W
(including 1 DD)

Combined Coryat: $29,200

[game clues] [game scores] [suggest correction]

Game tape date: 2024-05-06
The J! Archive is created by fans, for fans. Scraping, republication, monetization, and malicious use prohibited; this site may use cookies and collect identifying information. See terms. The Jeopardy! game show and all elements thereof, including but not limited to copyright and trademark thereto, are the property of Jeopardy Productions, Inc. and are protected under law. This website is not affiliated with, sponsored by, or operated by Jeopardy Productions, Inc. Join the discussion at JBoard.tv.